<?xml version="1.0" encoding="UTF-8"?><marc:collection xmlns:marc="http://www.loc.gov/MARC21/slim">
  <marc:record>
    <marc:leader>00000nam  2200000za 4500</marc:leader>
    <marc:controlfield tag="001">9.801865</marc:controlfield>
    <marc:controlfield tag="003">CaOODSP</marc:controlfield>
    <marc:controlfield tag="005">20230126163756</marc:controlfield>
    <marc:controlfield tag="007">cr |||||||||||</marc:controlfield>
    <marc:controlfield tag="008">160526s2016    quc     o    f000 0 fre d</marc:controlfield>
    <marc:datafield tag="020" ind1=" " ind2=" ">
      <marc:subfield code="a">978-0-660-02823-1</marc:subfield>
    </marc:datafield>
    <marc:datafield tag="040" ind1=" " ind2=" ">
      <marc:subfield code="a">CaOODSP</marc:subfield>
      <marc:subfield code="b">fre</marc:subfield>
    </marc:datafield>
    <marc:datafield tag="043" ind1=" " ind2=" ">
      <marc:subfield code="a">n-cn---</marc:subfield>
    </marc:datafield>
    <marc:datafield tag="086" ind1="1" ind2=" ">
      <marc:subfield code="a">En4-94/11-2015F-PDF</marc:subfield>
    </marc:datafield>
    <marc:datafield tag="245" ind1="0" ind2="0">
      <marc:subfield code="a">Sachez stocker 11 - Règlement sur les systèmes de stockage de produits pétroliers et de produits apparentés </marc:subfield>
      <marc:subfield code="h">[ressource électronique] : </marc:subfield>
      <marc:subfield code="b">si vous livrez des produits.</marc:subfield>
    </marc:datafield>
    <marc:datafield tag="246" ind1="3" ind2="0">
      <marc:subfield code="a">Si vous livrez des produits</marc:subfield>
    </marc:datafield>
    <marc:datafield tag="260" ind1=" " ind2=" ">
      <marc:subfield code="a">[Gatineau, Québec] : </marc:subfield>
      <marc:subfield code="b">Environnement et Changement climatique Canada, </marc:subfield>
      <marc:subfield code="c">c2016.</marc:subfield>
    </marc:datafield>
    <marc:datafield tag="300" ind1=" " ind2=" ">
      <marc:subfield code="a">[2] p.</marc:subfield>
    </marc:datafield>
    <marc:datafield tag="500" ind1=" " ind2=" ">
      <marc:subfield code="a">Publ. aussi en anglais sous le titre : Tank tip 11 on Storage Tank Systems for Petroleum Products and Allied Petroleum Products Regulations: if you deliver products.</marc:subfield>
    </marc:datafield>
    <marc:datafield tag="520" ind1=" " ind2=" ">
      <marc:subfield code="a">En vertu du Règlement sur les systèmes de stockage de produits pétroliers et de produits apparentés, si vous livrez des produits pétroliers ou des produits apparentés dans des systèmes de stockage, vous avez certaines responsabilités. Cette fiche de renseignements explique les exigences du personnel de livraison.</marc:subfield>
    </marc:datafield>
    <marc:datafield tag="692" ind1="0" ind2="7">
      <marc:subfield code="2">gccst</marc:subfield>
      <marc:subfield code="a">Pétrole</marc:subfield>
    </marc:datafield>
    <marc:datafield tag="692" ind1="0" ind2="7">
      <marc:subfield code="2">gccst</marc:subfield>
      <marc:subfield code="a">Entreposage</marc:subfield>
    </marc:datafield>
    <marc:datafield tag="710" ind1="1" ind2=" ">
      <marc:subfield code="a">Canada. </marc:subfield>
      <marc:subfield code="b">Environnement et changement climatique Canada.</marc:subfield>
    </marc:datafield>
    <marc:datafield tag="775" ind1="0" ind2="8">
      <marc:subfield code="t">Tank tip 11 on Storage Tank Systems for Petroleum Products and Allied Petroleum Products Regulations </marc:subfield>
      <marc:subfield code="w">(CaOODSP)9.801864</marc:subfield>
    </marc:datafield>
    <marc:datafield tag="794" ind1=" " ind2=" ">
      <marc:subfield code="t">Sachez stocker 11 - Règlement sur les systèmes de stockage de produits pétroliers et de produits apparentés </marc:subfield>
      <marc:subfield code="w">(CaOODSP)9.848759</marc:subfield>
      <marc:subfield code="t">Sachez stocker 10 : </marc:subfield>
      <marc:subfield code="w">(CaOODSP)9.869067</marc:subfield>
    </marc:datafield>
    <marc:datafield tag="856" ind1="4" ind2="0">
      <marc:subfield code="q">PDF</marc:subfield>
      <marc:subfield code="s">1.26 Mo</marc:subfield>
      <marc:subfield code="u">https://publications.gc.ca/collections/collection_2016/eccc/En4-94-11-2015-fra.pdf</marc:subfield>
    </marc:datafield>
  </marc:record>
</marc:collection>
